Right Hand Man - All Lyrics - Statistics

General Stats
  • This quiz has been taken 42 times
  • The average score is 522 of 922
Answer Stats
Answer % Correct
A
100%
I
95%
Man
95%
Men
95%
Right
95%
Go
90%
He
90%
The
90%
Was
90%
We
90%
Yo
90%
An
86%
And
86%
Are
86%
Be
86%
Come
86%
Comes
86%
For
86%
General
86%
Hear
86%
Here
86%
On
86%
So
86%
You
86%
Burr
81%
George
81%
Hamilton
81%
How
81%
In
81%
Me
81%
My
81%
Need
81%
Out
81%
Washington
81%
What
81%
British
76%
Can
76%
I'm
76%
Of
76%
Outgunned
76%
Outmanned
76%
Outnumbered
76%
Outplanned
76%
To
76%
Way
76%
As
71%
Fight
71%
Gonna
71%
Just
71%
New
71%
Rise
71%
Sir
71%
They
71%
When
71%
Who
71%
Your
71%
Am
67%
Boom
67%
Hand
67%
Have
67%
Keep
67%
Moment
67%
Mount
67%
No
67%
One
67%
Only
67%
Our
67%
Pride
67%
Troops
67%
Up
67%
York
67%
Cannon
62%
Command
62%
Die
62%
Gentlemen
62%
Got
62%
Ladies
62%
People
62%
Real
62%
Second
62%
There's
62%
Waiting
62%
War
62%
We're
62%
Were
62%
Aaron
57%
Been
57%
Give
57%
Glory
57%
It
57%
Make
57%
Meeting
57%
Or
57%
Stand
57%
Tell
57%
Thousand
57%
Us
57%
Vernon
57%
You've
57%
All
52%
Assistance
52%
Battlefield
52%
Down
52%
Feel
52%
Is
52%
Let
52%
Millisecond
52%
Right-Hand
52%
Some
52%
Surround
52%
That
52%
Yes
52%
But
48%
Caribbean
48%
De
48%
Distance
48%
Either
48%
From
48%
Get
48%
Gotta
48%
Harbour
48%
It's
48%
Kid
48%
Land
48%
Their
48%
Will
48%
Wished
48%
With
48%
Admire
43%
Cannons
43%
Close
43%
If
43%
Knew
43%
Poor
43%
Story
43%
Thirty-Two
43%
This
43%
Under
43%
Water
43%
Couple
38%
Door
38%
Guard
38%
Leading
38%
Look
38%
Met
38%
Ship
38%
Take
38%
Understand
38%
Virginian
38%
You're
38%
America
33%
At
33%
Bay
33%
Blood
33%
Brooklyn
33%
Cannot
33%
Check
33%
Dire
33%
Firing
33%
Goes
33%
Like
33%
Major
33%
Model
33%
Put
33%
Retreating
33%
See
33%
Shit
33%
Spray
33%
These
33%
Think
33%
Venerated
33%
Veteran
33%
Want
33%
Well
33%
We'll
33%
Which
33%
Wrong
33%
Young
33%
Another
29%
Bullet
29%
Contrary
29%
Defend
29%
Don't
29%
Elephant
29%
Face
29%
Harder
29%
Horses
29%
Howe's
29%
Living
29%
Lost
29%
Modern
29%
Neck
29%
Not
29%
Now
29%
Questions
29%
Room
29%
Southern
29%
Stop
29%
Suggestions
29%
Tip
29%
Watch
29%
Why
29%
Won't
29%
Admiral
24%
All-Out
24%
Away
24%
Ayo
24%
Can't
24%
Done
24%
Dyin'
24%
Guns
24%
His
24%
Instead
24%
King's
24%
Lafayette
24%
Quebec
24%
Reputation
24%
Rob
24%
Saying
24%
Secretary
24%
Shot
24%
Something
24%
Staff
24%
Steal
24%
Takes
24%
Throwin
24%
Truth
24%
Wanted
24%
West
24%
Whose
24%
Abandon
19%
Abandoning
19%
Advantages
19%
Afford
19%
Any
19%
Because
19%
Beyond
19%
Called
19%
Country
19%
Cut
19%
Divvy
19%
Easy
19%
Eloquence
19%
Em
19%
Everywhere
19%
Excellency
19%
Fleeing
19%
Forces
19%
Forward
19%
Friends
19%
Giddyup
19%
Great
19%
Has
19%
Help
19%
Hope
19%
Knight
19%
Let's
19%
Letters
19%
Lining
19%
Mass
19%
Midnight
19%
Mulligan
19%
Mutiny
19%
Nation
19%
Odds
19%
Once
19%
Quick
19%
Ride
19%
Rook
19%
Scary
19%
Slip
19%
Son
19%
Stole
19%
Strategy
19%
Success
19%
Younger
19%
Battering
14%
Battery
14%
Bleeding
14%
Buck
14%
Case
14%
Caught
14%
City
14%
Congress
14%
Downtown
14%
Dying
14%
Elegance
14%
Harlem
14%
Head
14%
Honest
14%
Huh
14%
Hunger
14%
Hungry
14%
Kips
14%
Know
14%
Laugh
14%
Manhattan
14%
Marquis
14%
Might
14%
Rah
14%
Relatives
14%
Scrappy
14%
Slide
14%
Still
14%
Telling
14%
Until
14%
Upset
14%
Writin'
14%
Ya
14%
Captain
10%
Damages
10%
Decide
10%
Element
10%
Else
10%
Embellishin
10%
Explode
10%
Fantasies
10%
Fleeting
10%
Full
10%
Giving
10%
God
10%
Granted
10%
Guys
10%
Hire
10%
I'll
10%
Inside
10%
Laurens
10%
Permission
10%
Play
10%
Promised
10%
Renown
10%
Run
10%
Scream
10%
Seeing
10%
Skittish
10%
Someone
10%
Stamina
10%
State
10%
Station
10%
Summary
10%
Surprise
10%
They're
10%
Things
10%
Third
10%
Throwing
10%
Til
10%
Write
10%
Above
5%
Alright
5%
Being
5%
Facing
5%
Henry
5%
Information
5%
Knox
5%
Master
5%
Montgomery
5%
Occasion
5%
Okay
5%
Organize
5%
Precedes
5%
Rally
5%
Scrutiny
5%
Spies
5%
Supplies
5%
Whoa
5%
Working
5%
About
0%
Chicka-boom
0%
Cou;d
0%
Green
0%
Keg
0%
Lighten
0%
Load
0%
Mad
0%
Martyr
0%
Nathaniel
0%
Pedastal
0%
Powder
0%
Shh-Boom
0%
No matching quizzes found
Score Distribution
Percent of People with Each Score
Percentile by Number Answered
Your Score History
You have not taken this quiz